000
00246nam a2200109Ia 4500
008
190216s9999||||xx |||||||||||||| ||und||
100
_a
Moidu Padiyath
245
0
_a
Fokland Road
260
_b
Reegla Book Depo
650
_a
Malayalam
942
_c
BK
999
_c
25685
_d
25685